Účtovanie a vykazovanie dotácií: námet na odbornú diskusiu

Regulácia úpravy účtovania a vykazovania dotácií. Odozva praxe na otázky účtovania a vykazovania dotácií.

Salvato in:
Dettagli Bibliografici
Autore principale: Maděra, František
Natura: Capitolo di libro
Lingua:slovacco
Soggetti:
Tags: Aggiungi Tag
Nessun Tag, puoi essere il primo ad aggiungerne!!

MARC

LEADER 00000naa$a2200000$$$4500
001 0198444
005 20240502073343.4
041 0 |a slo 
044 |a SK 
245 1 0 |a Účtovanie a vykazovanie dotácií: námet na odbornú diskusiu  |c František Maděra 
520 |a Regulácia úpravy účtovania a vykazovania dotácií. Odozva praxe na otázky účtovania a vykazovania dotácií. 
610 2 0 |a podnikatelia 
610 2 0 |a dotácie 
610 2 0 |a účtovanie 
610 2 0 |a výkazy účtovné 
610 2 0 |a štandardy účtovné medzinárodné 
610 2 0 |a IFRS 
100 1 |a Maděra, František